[Event "Titled Tuesday intern op 15th Aug Early"]
[Site "Chess.com INT"]
[Date "2023.08.15"]
[Round "4"]
[White "Shtembuliak, Evgeny"]
[Black "Gubajdullin, Alexey"]
[Result "0-1"]
[WhiteElo "2620"]
[BlackElo "2253"]
[PlyCount "78"]
[EventDate "2023.08.15"]
[EventType "swiss (blitz)"]
[EventRounds "11"]
[EventCountry "USA"]
[SourceTitle "EXT 2024"]
[Source "ChessBase"]
[SourceDate "2023.10.10"]
[SourceVersion "1"]
[SourceVersionDate "2023.10.10"]
[SourceQuality "1"]

1. c4 g6 2. d4 Bg7 3. e4 d6 4. Nc3 Nf6 5. Nge2 0-0 6. Ng3 Nc6 7. d5 Nb4 8. a3 Na6 9. Qc2 c6 10. Be2 cxd5 11. exd5 e6 12. 0-0 exd5 13. cxd5 Bd7 14. Bf4 Qb6 15. Be3 Qd8 16. Rac1 h5 17. Nce4 h4 18. Nxf6+ Qxf6 19. Ne4 Qe5 20. Nc3 h3 21. g3 Rac8 22. Rfe1 Nc5 23. Bf1 Qh5 24. Bf4 Bf5 25. Qd1 Bg4 26. Qc2 Rfd8 27. b4 Nd7 28. Qd2 Ne5 29. Bxe5 Bxe5 30. Ne4 Bf3 31. Ng5 Rxc1 32. Rxc1 Bxd5 33. Qxd5 Qxg5 34. Rd1 Qf5 35. Qxb7 Rc8 36. Bd3 Qg4 37. Be2 Qxe2 38. Qxc8+ Kg7 39. Rd3 Qe1# 0-1

[Event "Titled Tuesday intern op 01st Aug Early"]
[Site "Chess.com INT"]
[Date "2023.08.01"]
[Round "1"]
[White "D'Arruda, Ricardo D"]
[Black "Shtembuliak, Evgeny"]
[Result "1-0"]
[WhiteElo "2271"]
[BlackElo "2620"]
[PlyCount "133"]
[EventDate "2023.08.01"]
[EventType "swiss (blitz)"]
[EventRounds "11"]
[EventCountry "USA"]
[SourceTitle "EXT 2024"]
[Source "ChessBase"]
[SourceDate "2023.10.10"]
[SourceVersion "1"]
[SourceVersionDate "2023.10.10"]
[SourceQuality "1"]

1. Nf3 Nf6 2. d4 d6 3. Nc3 g6 4. e4 Bg7 5. Bg5 a6 6. Qd2 Nc6 7. 0-0-0 Bg4 8. d5 Bxf3 9. gxf3 Ne5 10. Be2 c6 11. f4 Ned7 12. f5 cxd5 13. exd5 Rc8 14. Bh6 Bxh6 15. Qxh6 Rg8 16. fxg6 Rxg6 17. Qe3 Qa5 18. Kb1 Rxc3 19. Qxc3 Qxc3 20. bxc3 Ne4 21. Rde1 Nxc3+ 22. Kb2 Na4+ 23. Ka3 Ndc5 24. Rhg1 Nc3 25. Rxg6 hxg6 26. Bf3 a5 27. Kb2 N3a4+ 28. Kc1 b5 29. a3 Nc3 30. h4 Kd8 31. Rh1 b4 32. axb4 Na2+ 33. Kb2 Nxb4 34. h5 gxh5 35. Rxh5 Na4+ 36. Kb3 Nc5+ 37. Kb2 a4 38. Rh7 f6 39. Rh8+ Kc7 40. Re8 Kd7 41. Ra8 f5 42. Ra7+ Kd8 43. Kc3 Nba6 44. Be2 Nc7 45. Bc4 Ne4+ 46. Kd4 Nxf2 47. Rxa4 Ng4 48. Ra1 Ne5 49. Rf1 Nxc4 50. Kxc4 e6 51. dxe6 Ke7 52. Rxf5 Kxe6 53. Rh5 Kd7 54. Kb4 Kc6 55. c4 Na6+ 56. Kc3 Nc5 57. Kd4 Nb3+ 58. Kc3 Nc5 59. Rh8 Ne4+ 60. Kd4 Nf6 61. Rc8+ Kd7 62. Ra8 Kc7 63. Ra7+ Kb6 64. Rf7 Ng4 65. Rf4 Ne5 66. Rf6 Kc7 67. Kd5 1-0

[Event "Pan American Intercollegiate-chT"]
[Site "Chess.com INT"]
[Date "2021.01.05"]
[Round "4"]
[White "Prohaszka, Peter"]
[Black "Shtembuliak, Evgeny"]
[Result "1/2-1/2"]
[WhiteElo "2581"]
[BlackElo "2620"]
[PlyCount "195"]
[EventDate "2021.01.04"]
[EventType "team-swiss (rapid)"]
[EventRounds "9"]
[EventCountry "USA"]
[SourceTitle "CBM 200 Extra"]
[Source "ChessBase"]
[SourceDate "2021.03.31"]
[SourceVersion "1"]
[SourceVersionDate "2021.03.31"]
[SourceQuality "1"]
[WhiteTeam "Webster Univ II"]
[BlackTeam "Texas Tech Univ"]
[WhiteTeamCountry "USA"]
[BlackTeamCountry "USA"]

1. Nf3 g6 2. d4 d6 3. g3 Bg7 4. Bg2 Nf6 5. 0-0 0-0 6. Nc3 Nc6 7. e4 Bg4 8. h3 Bxf3 9. Bxf3 Nd7 10. Ne2 e5 11. dxe5 Ncxe5 12. Bg2 Re8 13. Nf4 Nc5 14. Re1 a5 15. Rb1 a4 16. Be3 c6 17. b3 axb3 18. axb3 Ra2 19. Nd3 Nexd3 20. cxd3 Ne6 21. Re2 Rxe2 22. Qxe2 Nd4 23. Qd2 Qa8 24. b4 Qa3 25. Bxd4 Bxd4 26. b5 cxb5 27. Rxb5 b6 28. Rd5 Re5 29. Rxe5 dxe5 30. Bf3 b5 31. Bd1 b4 32. Qc2 Qc3 33. Kf1 h5 34. Ke2 Kg7 35. Qa2 Qc5 36. Kf1 h4 37. gxh4 Qc1 38. Qc2 Qf4 39. Kg2 b3 40. Qe2 b2 41. Bc2 Qxh4 42. Qd2 Qf6 43. Bb1 Qb6 44. h4 Qf6 45. Kg3 Qb6 46. Kg2 Qc6 47. Bc2 Qc8 48. Kg3 Qe6 49. Bb1 Qf6 50. Bc2 Qc6 51. Kg2 Qa8 52. Bb1 Qh8 53. Kg3 Qh5 54. Bc2 Bc5 55. Qc3 Bd4 56. Qd2 f5 57. exf5 Qxf5 58. Bb1 Qf6 59. Bc2 Qc6 60. f3 Qc7 61. Kg2 Qe7 62. Kg3 Qc7 63. Kg2 Qb6 64. Bb1 Qf6 65. Kg3 Qd6 66. Kg2 Qc5 67. Bc2 Be3 68. Qe2 Bf4 69. d4 Qxd4 70. Qd3 Qxd3 71. Bxd3 Kh6 72. Kf2 Kh5 73. Be4 Bd2 74. Bd3 Bh6 75. Ke2 Bf4 76. Kd1 Be3 77. Kc2 Bd4 78. Be4 Kh6 79. Bd3 Kg7 80. Be4 Kf6 81. Bd3 Kg7 82. Be4 Kh6 83. Bd3 Kh5 84. Kb1 Bc3 85. Be4 Be1 86. Kxb2 Bxh4 87. Kc2 Bf2 88. Kd3 Kg5 89. Ke2 Bd4 90. Bd3 Kh5 91. Be4 g5 92. Bf5 Kh4 93. Kd3 Kg3 94. Ke4 Kh4 95. Bg4 Kg3 96. Bf5 Kh4 97. Bg4 Kg3 98. Bf5 1/2-1/2

[Event "Titled Tuesday intern op 17th Nov"]
[Site "Chess.com INT"]
[Date "2020.11.17"]
[Round "3"]
[White "Shtembuliak, Evgeny"]
[Black "Pavlidis, Antonios"]
[Result "1-0"]
[WhiteElo "2620"]
[BlackElo "2536"]
[PlyCount "143"]
[EventDate "2020.11.17"]
[EventType "swiss (blitz)"]
[EventRounds "11"]
[EventCountry "USA"]
[SourceTitle "CBM 199 Extra"]
[Source "ChessBase"]
[SourceDate "2021.01.31"]
[SourceVersion "1"]
[SourceVersionDate "2021.01.31"]
[SourceQuality "1"]

1. c4 Nf6 2. Nc3 g6 3. e4 d6 4. d4 Bg7 5. Nge2 0-0 6. Ng3 h5 7. Be2 b5 8. Bf3 b4 9. Na4 e5 10. dxe5 dxe5 11. Qxd8 Rxd8 12. h3 Nc6 13. Ne2 Nd7 14. b3 Nb6 15. Nc5 a5 16. Be3 a4 17. 0-0 Ra5 18. Rfd1 Bf8 19. Rxd8 Nxd8 20. Rd1 Nc6 21. Nd3 axb3 22. axb3 Ra3 23. Rb1 Nxc4 24. Bc1 N4a5 25. Bxa3 bxa3 26. b4 Ba6 27. Nec1 Nc4 28. Bd1 Nd2 29. Ra1 Nxe4 30. Rxa3 Bxd3 31. Nxd3 Nxb4 32. Nxb4 Bxb4 33. Ra4 c5 34. Bb3 Kg7 35. Ra7 Nd6 36. Rc7 e4 37. Bd5 Kf6 38. Kf1 h4 39. Ke2 g5 40. Ke3 Ba5 41. Rd7 Ke5 42. Bxf7 Nf5+ 43. Ke2 Nd4+ 44. Kf1 Nf5 45. Bc4 Nd6 46. Bg8 c4 47. Ra7 Bb6 48. Ra6 Bc5 49. Rc6 Kd4 50. Ke2 c3 51. Kd1 Nb5 52. Bb3 Bb4 53. Rg6 Kd3 54. Bc2+ Kd4 55. Rxg5 Nd6 56. Rg4 Ke5 57. Rxh4 Bc5 58. Rh5+ Kd4 59. Rh8 Kd5 60. Rf8 Nc4 61. Rf5+ Kc6 62. Bxe4+ Kd6 63. Rd5+ Kc6 64. Rf5+ Kd6 65. Bc2 Nb2+ 66. Ke2 Bd4 67. Rf3 Be5 68. h4 Ke6 69. h5 Ke7 70. h6 Nc4 71. h7 Kd6 72. Rf8 1-0

[Event "Titled Tuesday intern op 17th Nov"]
[Site "Chess.com INT"]
[Date "2020.11.17"]
[Round "2"]
[White "Storme, Isak"]
[Black "Shtembuliak, Evgeny"]
[Result "0-1"]
[WhiteElo "2392"]
[BlackElo "2620"]
[PlyCount "84"]
[EventDate "2020.11.17"]
[EventType "swiss (blitz)"]
[EventRounds "11"]
[EventCountry "USA"]
[SourceTitle "CBM 199 Extra"]
[Source "ChessBase"]
[SourceDate "2021.01.31"]
[SourceVersion "1"]
[SourceVersionDate "2021.01.31"]
[SourceQuality "1"]

1. d4 g6 2. e4 d6 3. Nf3 Nf6 4. Bb5+ c6 5. Bd3 Bg7 6. h3 0-0 7. 0-0 c5 8. dxc5 dxc5 9. Qe2 Nc6 10. c3 Qc7 11. Rd1 Nh5 12. Qe3 b6 13. Na3 Bb7 14. Nb5 Qb8 15. a4 Rd8 16. Bd2 Nf4 17. Qxf4 Rxd3 18. Qh4 Qf8 19. Nc7 Rad8 20. Nd5 e6 21. Nf6+ Bxf6 22. Qxf6 Qe7 23. Qxe7 Nxe7 24. Re1 Rxd2 25. Nxd2 Rxd2 26. Rad1 Rxd1 27. Rxd1 Bxe4 28. Rd7 Nc6 29. f3 Bd5 30. Rc7 c4 31. Kf2 g5 32. Ke3 Kg7 33. g3 Kg6 34. f4 h6 35. g4 f5 36. Rc8 gxf4+ 37. Kxf4 e5+ 38. Kg3 f4+ 39. Kh4 e4 40. Rf8 Bf7 41. Rc8 Ne5 42. Rc7 Nf3# 0-1

[Event "Titled Tuesday intern op 10th Nov"]
[Site "Chess.com INT"]
[Date "2020.11.10"]
[Round "7"]
[White "Sapunov, Evgeny"]
[Black "Shtembuliak, Evgeny"]
[Result "0-1"]
[WhiteElo "2461"]
[BlackElo "2620"]
[PlyCount "88"]
[EventDate "2020.11.10"]
[EventType "swiss (blitz)"]
[EventRounds "11"]
[EventCountry "USA"]
[SourceTitle "CBM 199 Extra"]
[Source "ChessBase"]
[SourceDate "2021.01.31"]
[SourceVersion "1"]
[SourceVersionDate "2021.01.31"]
[SourceQuality "1"]

1. c4 g6 2. g3 Bg7 3. Bg2 d6 4. d4 Nf6 5. Nc3 0-0 6. Nf3 c6 7. 0-0 Bf5 8. d5 Ne4 9. Nb1 cxd5 10. cxd5 Nf6 11. Nc3 Ne4 12. Nb1 Nc5 13. Nc3 a5 14. Nd4 Bd7 15. Be3 Nba6 16. Qd2 a4 17. Bh6 Qa5 18. Bxg7 Kxg7 19. a3 Rfc8 20. h4 h5 21. e4 Qb6 22. Rfe1 f6 23. Kh2 Nb3 24. Nxb3 axb3 25. f4 Nc5 26. e5 Bf5 27. Qd4 Rc7 28. exf6+ exf6 29. a4 Rf7 30. Bf1 Nd7 31. Qd2 Qb4 32. Bb5 Nc5 33. Re3 g5 34. fxg5 fxg5 35. Rf3 Qg4 36. Raf1 Raf8 37. Be2 gxh4 38. gxh4 Qxh4+ 39. Kg1 Kh7 40. R1f2 Rg7+ 41. Rg2 Rxg2+ 42. Kxg2 Rg8+ 43. Kf1 Qh1+ 44. Kf2 Qg1# 0-1

[Event "Texas Collegiate Finals"]
[Site "chess24.com INT"]
[Date "2020.10.17"]
[Round "1.1"]
[White "Shtembuliak, Evgeny"]
[Black "Dragun, Kamil"]
[Result "1-0"]
[WhiteElo "2620"]
[BlackElo "2561"]
[PlyCount "67"]
[EventDate "2020.10.17"]
[EventType "team-tourn (rapid)"]
[EventRounds "8"]
[EventCountry "USA"]
[SourceTitle "CBM 198 Extra"]
[Source "ChessBase"]
[SourceDate "2020.11.30"]
[SourceVersion "1"]
[SourceVersionDate "2020.11.30"]
[SourceQuality "1"]
[WhiteTeam "Texas Tech Univ"]
[BlackTeam "Texas Rio Grande Valley Univ II"]
[WhiteTeamCountry "USA"]
[BlackTeamCountry "USA"]

1. c4 e6 2. Nc3 Bb4 3. Qb3 c5 4. a3 Ba5 5. Ne4 Nf6 6. Nd6+ Ke7 7. Qd3 Nc6 8. Nf3 Qc7 9. Nb5 Ne5 10. Qb1 Nxf3+ 11. gxf3 Qc6 12. b4 cxb4 13. axb4 Bb6 14. e4 d6 15. d4 Rd8 16. Be3 Qd7 17. c5 dxc5 18. bxc5 Bc7 19. Nxa7 Kf8 20. Bb5 Qe7 21. Ke2 Nh5 22. e5 g6 23. h4 Kg8 24. Bd3 Qd7 25. Be4 Rb8 26. Nb5 Rf8 27. Nxc7 Qxc7 28. Qb6 Qd7 29. Rhb1 f5 30. exf6 Nxf6 31. c6 Qf7 32. c7 Nxe4 33. fxe4 Qf3+ 34. Kd2 1-0

[Event "Online Olym KO Stage"]
[Site "Chess.com INT"]
[Date "2020.08.28"]
[Round "2.2"]
[White "Shankland, Samuel L"]
[Black "Shtembuliak, Evgeny"]
[Result "1-0"]
[WhiteElo "2691"]
[BlackElo "2620"]
[PlyCount "73"]
[EventDate "2020.08.27"]
[EventType "team-k.o. (rapid)"]
[EventRounds "4"]
[EventCountry "USA"]
[SourceTitle "CBM 198"]
[Source "ChessBase"]
[SourceDate "2020.10.31"]
[SourceVersion "1"]
[SourceVersionDate "2020.10.31"]
[SourceQuality "1"]
[WhiteTeam "United States"]
[BlackTeam "Ukraine"]
[WhiteTeamCountry "USA"]
[BlackTeamCountry "UKR"]

1. d4 g6 2. e4 d6 3. c4 Bg7 4. Nc3 e5 5. Nf3 Nc6 6. dxe5 dxe5 7. Qxd8+ Kxd8 8. Be3 Bg4 9. Ng5 Ke8 10. Nb5 h6 11. Nf3 Kd8 12. 0-0-0+ Kc8 13. Be2 Nf6 14. h3 Bxf3 15. Bxf3 h5 16. g4 a6 17. Nc3 Nd4 18. Bg2 hxg4 19. hxg4 Rxh1 20. Rxh1 c6 21. f4 Ne6 22. f5 Nxg4 23. fxe6 Nxe3 24. Rh7 Bf8 25. Rxf7 Bh6 26. Bh3 Kb8 27. e7 Ka7 28. Bd7 Nxc4+ 29. Kc2 Nd6 30. Rf6 Ne8 31. Rxg6 Be3 32. Rg8 Nf6 33. Rf8 Bg5 34. Na4 Rb8 35. Nb6 Bh4 36. Nc8+ Ka8 37. Rxf6 1-0